Fictions of conversion : Jews, Christians, and cultures of change in early modern England
Αποθηκεύτηκε σε:
| Κύριος συγγραφέας: | |
|---|---|
| Μορφή: | Βιβλίο |
| Γλώσσα: | English |
| Δημοσίευση: |
Philadelphia :
University of Pennsylvania Press,
2013
|
| Θέματα: | |
| Ετικέτες: |
Προσθήκη ετικέτας
Δεν υπάρχουν, Καταχωρήστε ετικέτα πρώτοι!
|
MARC
| LEADER | 00000nam a2200000 i 4500 | ||
|---|---|---|---|
| 001 | 1/51274 | ||
| 008 | 140708s2013 eng d | ||
| 020 | |a 978-0-8122-4482-3 | ||
| 035 | |l 10118302 | ||
| 040 | |a GR-MY-UA |b gre |e aacr | ||
| 041 | 0 | |a eng | |
| 082 | 0 | |a 820.9382 |2 (23) | |
| 100 | 1 | |a Shoulson, Jeffrey S. | |
| 245 | 1 | 0 | |a Fictions of conversion : |b Jews, Christians, and cultures of change in early modern England / |c Jeffrey S. Shoulson |
| 260 | |a Philadelphia : |b University of Pennsylvania Press, |c 2013 | ||
| 300 | |a 263 σ.; |c 24 εκ. | ||
| 504 | |a Περιλαμβάνει βιβλιογραφικές αναφορές (σ. [231]-253) και ευρετήριο | ||
| 650 | 0 | 0 | |a English literature |y Early modern, 1500-1700 |x History and criticism. |
| 650 | 0 | 0 | |a Christianity and other religions |x Judaism. |
| 650 | 0 | 0 | |a Jews in literature. |
| 650 | 0 | 0 | |a Culture conflict in literature. |
| 650 | 0 | 0 | |a Conversion in literature. |
| 650 | 0 | 0 | |a Religion and literature. |
| 852 | |a INST |b LESVOS |e 20140708 |h 820.9382 SHO |p 005100054534 |q 005100054534 |t BK |y 0 | ||
| 901 | |a BIBL1-2014-2 | ||
| 909 | |a Λ |b 189501 | ||
| 922 | |a 1ΕΛΗ |b 201406 |c ΤΚΑΙ |d ΔΙΑΔΡΟΜΕΣ | ||
| 970 | |a ΤΖΑΦΕΡΗ |b ΕΥΑΓΓΕΛΙΑ |z 2014/07/08 | ||